[Event "CRO-chT1B 29th"]
[Site "Mali Losinj"]
[Date "2021.09.30"]
[Round "8.4"]
[White "Ivekovic, Bozidar1111"]
[Black "Dabo Peranic, Robert"]
[Result "1-0"]
[WhiteElo "2405"]
[BlackElo "2289"]
[PlyCount "71"]
[EventDate "2021.09.25"]
[EventType "team-tourn"]
[EventRounds "11"]
[EventCountry "CRO"]
[SourceTitle "CBM 204 Extra"]
[Source "ChessBase"]
[SourceDate "2021.11.30"]
[SourceVersion "1"]
[SourceVersionDate "2021.11.30"]
[SourceQuality "1"]
[WhiteTeam "Novo Virje Konaki"]
[BlackTeam "Slavonski Brod Djakovic"]
[WhiteTeamCountry "CRO"]
[BlackTeamCountry "CRO"]

1. e4 e5 2. Nf3 Nc6 3. Bc4 Nf6 4. d3 Bc5 5. 0-0 0-0 6. c3 d5 7. exd5 Nxd5 8. Nbd2 Nb6 9. Bb5 Bd6 10. Re1 Bg4 11. h3 Bh5 12. Bxc6 bxc6 13. Ne4 f5 14. Ng3 Bxf3 15. Qxf3 Qd7 16. c4 Rae8 17. Nf1 f4 18. b3 c5 19. Bb2 Qf5 20. Re2 Nd7 21. Rae1 g5 22. Nh2 Kf7 23. Ng4 Kg6 24. Qc6 f3 25. gxf3 Kh5 26. Re3 Kh4 27. Kg2 Nf6 28. Bxe5 Rxe5 29. Rxe5 Qf4 30. Re6 Ng8 31. Qe4 h5 32. Ne5 Bxe5 33. Rxe5 Nf6 34. Qxf4+ gxf4 35. Rxc5 Rg8+ 36. Kh2 1-0

[Event "CRO-chT1B 28th"]
[Site "Mali Losinj"]
[Date "2019.10.03"]
[Round "6.43"]
[White "Galic, Ivan"]
[Black "Dabo Peranic, Robert"]
[Result "1-0"]
[WhiteElo "2414"]
[BlackElo "2322"]
[PlyCount "67"]
[EventDate "2019.09.28"]
[EventType "team-tourn"]
[EventRounds "9"]
[EventCountry "CRO"]
[SourceTitle "EXT 2020"]
[Source "ChessBase"]
[SourceDate "2019.10.17"]
[SourceVersion "1"]
[SourceVersionDate "2019.10.17"]
[SourceQuality "1"]
[WhiteTeam "Dubrovnik"]
[BlackTeam "Slavonski Brod Dakovic"]
[WhiteTeamCountry "CRO"]
[BlackTeamCountry "CRO"]

1. c4 e6 2. Nf3 d5 3. g3 c5 4. cxd5 exd5 5. d4 Nc6 6. Bg2 Nf6 7. 0-0 Be7 8. Nc3 0-0 9. dxc5 Bxc5 10. a3 Ne4 11. Nxd5 Be6 12. Nc3 Nxc3 13. bxc3 Re8 14. e3 Qa5 15. Nd4 Bc4 16. Nxc6 bxc6 17. Bxc6 Bxf1 18. Bxe8 Bc4 19. Bc6 Rc8 20. Bg2 Rd8 21. Bd2 Qb5 22. Qc1 Qd7 23. Be1 Qd3 24. Qb2 g6 25. h4 Kg7 26. Kh2 f5 27. a4 h6 28. Bf3 h5 29. Rb1 Qf1 30. Qb7+ Kh6 31. a5 Rd2 32. Bxd2 Qxf2+ 33. Bg2 Qxd2 34. Qc8 1-0

[Event "CRO-chT1B 28th"]
[Site "Mali Losinj"]
[Date "2019.10.01"]
[Round "4.33"]
[White "Fercec, Nenad"]
[Black "Dabo Peranic, Robert"]
[Result "1-0"]
[WhiteElo "2439"]
[BlackElo "2322"]
[PlyCount "73"]
[EventDate "2019.09.28"]
[EventType "team-tourn"]
[EventRounds "9"]
[EventCountry "CRO"]
[SourceTitle "EXT 2020"]
[Source "ChessBase"]
[SourceDate "2019.10.17"]
[SourceVersion "1"]
[SourceVersionDate "2019.10.17"]
[SourceQuality "1"]
[WhiteTeam "Pula"]
[BlackTeam "Slavonski Brod Dakovic"]
[WhiteTeamCountry "CRO"]
[BlackTeamCountry "CRO"]

1. e4 e5 2. Nf3 Nc6 3. Bb5 Nf6 4. d3 Bc5 5. 0-0 Nd4 6. Nxd4 Bxd4 7. c3 Bb6 8. Ba4 c6 9. Kh1 d6 10. f4 Ng4 11. Qe1 exf4 12. Bxf4 g5 13. Bd2 Qe7 14. d4 h5 15. Na3 h4 16. h3 Nh6 17. Nc4 f6 18. e5 dxe5 19. dxe5 f5 20. Nd6+ Kd8 21. c4 Kc7 22. Bb4 c5 23. Ba3 a5 24. Qf2 Qxe5 25. Nb5+ Kb8 26. Rae1 Qf6 27. Bxc5 Bxc5 28. Qxc5 Ra6 29. Nc7 b6 30. Qe7 Qxe7 31. Nxa6+ Bxa6 32. Rxe7 g4 33. Rfe1 Bxc4 34. Bb3 Bd3 35. Re8+ Rxe8 36. Rxe8+ Kc7 37. Rh8 1-0

[Event "CRO-chT1A 26th"]
[Site "Mali Losinj"]
[Date "2017.10.05"]
[Round "8.22"]
[White "Ivanisevic, Ivan"]
[Black "Dabo Peranic, Robert"]
[Result "1-0"]
[WhiteElo "2611"]
[BlackElo "2341"]
[PlyCount "91"]
[EventDate "2017.09.28"]
[EventType "team-tourn"]
[EventRounds "9"]
[EventCountry "CRO"]
[SourceTitle "EXT 2018"]
[Source "ChessBase"]
[SourceDate "2017.10.13"]
[SourceVersion "1"]
[SourceVersionDate "2017.10.13"]
[SourceQuality "1"]
[WhiteTeam "Kastel Novi Sedlar"]
[BlackTeam "Slavonski Brod Djakovic"]
[WhiteTeamCountry "CRO"]
[BlackTeamCountry "CRO"]

1. e4 e5 2. Nf3 Nc6 3. d4 exd4 4. Nxd4 Bc5 5. Nb3 Bb6 6. Qe2 Nf6 7. e5 Ng8 8. Nc3 Qe7 9. Bf4 Qe6 10. 0-0-0 Nge7 11. Qh5 Qg6 12. Qxg6 Nxg6 13. Bg3 0-0 14. Re1 Re8 15. Bb5 Nce7 16. Bd3 f6 17. exf6 gxf6 18. Nd5 Kf7 19. Nxc7 Bxc7 20. Bxc7 d5 21. Nd4 a6 22. h4 Bd7 23. h5 Nf8 24. Bd6 h6 25. Bf4 Ng8 26. Kd2 Red8 27. Re3 Rac8 28. Rhe1 Re8 29. Rxe8 Rxe8 30. Rxe8 Kxe8 31. Nf5 Ne6 32. Bxh6 Nc5 33. Nd6+ Ke7 34. Bf4 Nxd3 35. Kxd3 Bg4 36. Nxb7 Bxh5 37. Kd4 Be2 38. Nc5 Bf1 39. g3 Kf7 40. Kxd5 Ne7+ 41. Kd4 Nc6+ 42. Kc3 Kg6 43. b4 Kf5 44. a4 Kg4 45. Ne4 f5 46. f3+ 1-0

[Event "CRO-chT1A 26th"]
[Site "Mali Losinj"]
[Date "2017.09.29"]
[Round "2.52"]
[White "Radovanovic, Nikola"]
[Black "Dabo Peranic, Robert"]
[Result "1/2-1/2"]
[WhiteElo "2398"]
[BlackElo "2341"]
[PlyCount "175"]
[EventDate "2017.09.28"]
[EventType "team-tourn"]
[EventRounds "9"]
[EventCountry "CRO"]
[SourceTitle "EXT 2018"]
[Source "ChessBase"]
[SourceDate "2017.10.13"]
[SourceVersion "1"]
[SourceVersionDate "2017.10.13"]
[SourceQuality "1"]
[WhiteTeam "Koprivnica Podravka"]
[BlackTeam "Slavonski Brod Djakovic"]
[WhiteTeamCountry "CRO"]
[BlackTeamCountry "CRO"]

1. e4 e5 2. Nf3 Nc6 3. Bb5 a6 4. Ba4 Nf6 5. 0-0 Be7 6. Re1 b5 7. Bb3 d6 8. c3 0-0 9. h3 Na5 10. Bc2 c5 11. d4 Nd7 12. d5 Nc4 13. b3 Ncb6 14. a4 bxa4 15. bxa4 Nc4 16. Qd3 Na5 17. c4 Rb8 18. Nbd2 g6 19. Rb1 Rxb1 20. Nxb1 f5 21. Nbd2 f4 22. Qc3 g5 23. Nf1 h5 24. N1h2 Rf7 25. Bd2 Nb7 26. Rb1 Rh7 27. Bd1 Qf8 28. Ne1 Nf6 29. f3 Bd8 30. Nd3 Ba5 31. Qc2 Bxd2 32. Qxd2 Qd8 33. Nf2 Na5 34. Qc3 Rb7 35. Rxb7 Bxb7 36. Nd3 Nd7 37. Nf1 Qb6 38. Nd2 Bc8 39. Kf1 Kf8 40. Ke1 Ke7 41. Bc2 Kd8 42. Kd1 Kc7 43. Kc1 Kb8 44. Bd1 Ka7 45. Bc2 Qd8 46. Kb2 Qc7 47. Ka3 Nf6 48. Bd1 Bd7 49. Nc1 Nb7 50. Ndb3 g4 51. hxg4 hxg4 52. Qe1 g3 53. Qh1 Be8 54. Qh6 Qf7 55. Nd3 Nd7 56. Qh4 Qf6 57. Qh7 Kb6 58. Nd2 Kc7 59. Be2 Kd8 60. Qh1 Qg5 61. Qh8 Qh5 62. Qxh5 Bxh5 63. Bf1 Kc7 64. Nb2 Kb6 65. Nd3 Nd8 66. Nb3 a5 67. Nd2 Nb8 68. Nb2 Nf7 69. Kb3 Na6 70. Nd3 Ng5 71. Ne1 Nb4 72. Nb1 Nh7 73. Nc3 Be8 74. Be2 Nf6 75. Bf1 Bd7 76. Be2 Ka6 77. Bf1 Ne8 78. Ka3 Nc7 79. Kb3 Na8 80. Be2 Nb6 81. Bf1 Ka7 82. Be2 Kb8 83. Bf1 Kc7 84. Be2 Bc8 85. Bf1 Ba6 86. Be2 Kd7 87. Bf1 Ke7 88. Be2 1/2-1/2

[Event "CRO-chT1A 26th"]
[Site "Mali Losinj"]
[Date "2017.09.28"]
[Round "1.12"]
[White "Predojevic, Borki"]
[Black "Dabo Peranic, Robert"]
[Result "1-0"]
[WhiteElo "2614"]
[BlackElo "2341"]
[PlyCount "69"]
[EventDate "2017.09.28"]
[EventType "team-tourn"]
[EventRounds "9"]
[EventCountry "CRO"]
[SourceTitle "EXT 2018"]
[Source "ChessBase"]
[SourceDate "2017.10.13"]
[SourceVersion "1"]
[SourceVersionDate "2017.10.13"]
[SourceQuality "1"]
[WhiteTeam "Rijeka Liburnija"]
[BlackTeam "Slavonski Brod Djakovic"]
[WhiteTeamCountry "CRO"]
[BlackTeamCountry "CRO"]

1. d4 Nf6 2. Nf3 d5 3. c4 e6 4. g3 Be7 5. Bg2 0-0 6. b3 dxc4 7. bxc4 c5 8. 0-0 Nc6 9. e3 cxd4 10. exd4 Qa5 11. Bb2 Rd8 12. Nbd2 Bd7 13. Qe2 Qa6 14. Rfc1 Rac8 15. Nb3 Be8 16. Bf1 Ba3 17. Rab1 b6 18. Rc3 Bb4 19. Re3 Ne7 20. d5 Nf5 21. Bxf6 gxf6 22. Re4 Ng7 23. dxe6 Nxe6 24. Nbd4 Nxd4 25. Nxd4 Bf8 26. Rg4+ Kh8 27. Qf3 Rd6 28. c5 Qxf1+ 29. Rxf1 Rxc5 30. Re1 Bd7 31. Rf4 Rcd5 32. Rxf6 Rxd4 33. Rxd6 Rxd6 34. Qxf7 Bh6 35. Re8+ 1-0

[Event "CRO-chT1A 25th"]
[Site "Sibenik"]
[Date "2016.10.12"]
[Round "5.5"]
[White "Mrkonjic, Nenad"]
[Black "Dabo Peranic, Robert"]
[Result "1-0"]
[WhiteElo "2353"]
[BlackElo "2332"]
[PlyCount "65"]
[EventDate "2016.10.08"]
[EventType "team-tourn"]
[EventRounds "9"]
[EventCountry "CRO"]
[SourceTitle "EXT 2017"]
[Source "ChessBase"]
[SourceDate "2016.10.25"]
[SourceVersion "1"]
[SourceVersionDate "2016.10.25"]
[SourceQuality "1"]
[WhiteTeam "Osijek"]
[BlackTeam "Slavonski Brod"]
[WhiteTeamCountry "CRO"]
[BlackTeamCountry "CRO"]

1. e4 e5 2. Nf3 Nc6 3. Bc4 Bc5 4. d3 Nf6 5. Nc3 d6 6. h3 a6 7. a4 Be6 8. 0-0 h6 9. Nd5 Bxd5 10. exd5 Ne7 11. d4 exd4 12. Nxd4 0-0 13. b4 Bxb4 14. Bb2 Re8 15. Qf3 Ng6 16. Nf5 Ne5 17. Qg3 Nh5 18. Nxh6+ Kf8 19. Qb3 gxh6 20. Qxb4 Qh4 21. Bxe5 Rxe5 22. Qc3 Rae8 23. Kh2 Nf4 24. Qg3 Qf6 25. Qf3 Rf5 26. Bd3 Nxd3 27. Qxd3 Ree5 28. Qc4 Rxf2 29. Rxf2 Qxf2 30. Qxc7 Qf4+ 31. Kh1 Rxd5 32. Qxb7 a5 33. Qxd5 1-0

[Event "CRO Cup"]
[Site "Mali Losinj"]
[Date "2016.05.05"]
[Round "2.42"]
[White "Plenca, Jadranko"]
[Black "Dabo Peranic, Robert"]
[Result "1-0"]
[WhiteElo "2407"]
[BlackElo "2349"]
[PlyCount "81"]
[EventDate "2016.05.04"]
[EventType "team-swiss"]
[EventRounds "6"]
[EventCountry "CRO"]
[SourceTitle "CBM 172 Extra"]
[Source "ChessBase"]
[SourceDate "2016.06.21"]
[SourceVersion "1"]
[SourceVersionDate "2016.06.21"]
[SourceQuality "1"]
[WhiteTeam "Split Mornar"]
[BlackTeam "Slavonski Brod Djakovic"]
[WhiteTeamCountry "CRO"]
[BlackTeamCountry "CRO"]

1. e4 e5 2. Nf3 Nc6 3. Nc3 Nf6 4. d4 exd4 5. Nxd4 Bb4 6. Nxc6 bxc6 7. Bd3 d5 8. exd5 cxd5 9. 0-0 0-0 10. h3 Rb8 11. Qf3 Be6 12. Nb5 Bd7 13. Nc3 Be6 14. Ne2 c5 15. c3 Ba5 16. Ng3 Bc7 17. b3 Qd6 18. Re1 Rfe8 19. Bg5 Nd7 20. Bc2 f6 21. Qh5 Nf8 22. Be3 g6 23. Qh4 Bf7 24. Rad1 Ba5 25. Ne4 Rxe4 26. Bxe4 Bxc3 27. Re2 g5 28. Qh6 Qa6 29. Bf3 Re8 30. Bxc5 Ne6 31. Bh5 Qxe2 32. Bxe2 Nxc5 33. Bh5 Bxh5 34. Qxh5 Re5 35. Qg4 Ne6 36. Qf3 Nf4 37. g3 Ne2+ 38. Kg2 d4 39. Qxf6 Re8 40. Qxg5+ Kf7 41. Rd3 1-0

[Event "Osijek-ch op"]
[Site "Osijek"]
[Date "2014.02.20"]
[Round "1"]
[White "Dabo Peranic, Robert"]
[Black "Turkalj, Zvonko"]
[Result "1-0"]
[WhiteElo "2339"]
[BlackElo "1927"]
[PlyCount "65"]
[EventDate "2014.02.20"]
[EventType "swiss"]
[EventRounds "7"]
[EventCountry "CRO"]
[SourceTitle "CBM 159 Extra"]
[Source "ChessBase"]
[SourceDate "2014.04.24"]
[SourceVersion "1"]
[SourceVersionDate "2014.04.24"]
[SourceQuality "1"]

1. e4 e5 2. f4 exf4 3. Nf3 d5 4. exd5 Nf6 5. Bb5+ c6 6. dxc6 Nxc6 7. d4 Qa5+ 8. Nc3 Bb4 9. Qe2+ Be6 10. 0-0 0-0-0 11. Bxc6 bxc6 12. Bxf4 Rhe8 13. Qe5 Nd7 14. Qxa5 Bxa5 15. Ne4 Bc7 16. Bxc7 Kxc7 17. c3 f5 18. Ned2 Bd5 19. a3 Re2 20. Rf2 Rde8 21. Kf1 R2e7 22. Re1 Be4 23. Kg1 Bd3 24. Rxe7 Rxe7 25. g3 h6 26. h4 Kd6 27. Nf1 c5 28. dxc5+ Kxc5 29. Rd2 Ba6 30. b4+ Kb6 31. Rd6+ Kb7 32. Nd4 Nb6 33. b5 1-0